00920nam a22002417a 4500001001000000003000500010005001700015008004100032010001100073011001100084035001100095040000900106100003000115245018100145260004100326500006000367502006900427650002700496650003000523650003200553650002900585856006400614000106089CHAP20220329143832.0111118s2011 mx r 00010 spa d a102551 a103523 a114212 cCHAP1 aMata Bojórquez, Ismael.14aLos sistemas de producción orgánico y convencional y el comportamiento de las concentraciones de materia orgánica en el sueloh[En línea]c/por Ismael Mata Bojórques. aChapingo, Méx. :bEl autor,c2011. aPara ver el contenido del material haga clic en la liga aTesis (Ing. Agr. Esp. en suelos) -- UACH. Departamento de Suelos14aAlimentos orgánicos.14aSistemas de producción.14aSuelosxMateria orgánica.14aSueloszMéxico (Edo.). 3Finding aiduhttp://10.13.5.2/tesis/114212.pdfzTeclea aqui